Countries/Territories that use Dollar - Statistics

General Stats
  • This quiz has been taken 14 times
  • The average score is 17 of 47
Answer Stats
Country/Territory % Correct
United States (and Territories)
92%
Australia (and Territories)
75%
Canada
67%
Grenada
67%
Saint Lucia
67%
Saint Vincent and the Grenadines
67%
Antigua and Barbuda
58%
Bahamas
58%
Dominica
58%
New Zealand (and Territories and Dependencies)
58%
Saint Kitts and Nevis
58%
Barbados
50%
Belize
50%
Ecuador
50%
Jamaica
50%
Kiribati
50%
Marshall Islands
50%
Federated States of Micronesia
42%
Fiji
42%
Guyana
42%
Liberia
42%
Nauru
42%
Palau
42%
Singapore
42%
Taiwan
42%
Trinidad and Tobago
42%
Brunei
33%
Solomon Islands
33%
Tuvalu
33%
Zimbabwe
33%
Bermuda
25%
El Salvador
25%
Hong Kong
25%
East Timor
17%
Indonesia (Papua)
17%
Suriname
17%
Anguilla
8%
British Virgin Islands
8%
Cayman Islands
8%
Montserrat
8%
Namibia
8%
Turks and Caicos Islands
8%
Bonaire
0%
British Indian Ocean Territory
0%
Saba
0%
Saint Pierre and Miquelon
0%
Sint Eustatius
0%
No matching quizzes found
Score Distribution
Percent of People with Each Score
Percentile by Number Answered
Your Score History
You have not taken this quiz